Η Ελλάδα στην Ευρωπαϊκή ένωση : ένας απολογισμός
Saved in:
| Corporate Authors: | , |
|---|---|
| Format: | Book |
| Language: | Greek |
| Published: |
Αθήνα :
Ελληνικό Λογοτεχνικό και Ιστορικό Αρχείο,
2002.
|
| Subjects: | |
| Tags: |
Add Tag
No Tags, Be the first to tag this record!
|
MARC
| LEADER | 00000cam a2200000 i 4500 | ||
|---|---|---|---|
| 001 | 1/45171 | ||
| 008 | 070605s2002 gr | ||| |||| ||gre|| | ||
| 020 | |a 928943435X | ||
| 035 | |l 10071678 | ||
| 040 | |a GR-MyUa |b gre |e AACR2 | ||
| 041 | 0 | |a gre | |
| 082 | 7 | |a 327.495 |2 (22) | |
| 245 | 0 | 2 | |a Η Ελλάδα στην Ευρωπαϊκή ένωση : |b ένας απολογισμός / |c Ευρωπαϊκή Επιτροπή - Αντιπροσωπεία στην Ελλάδα. Ευρωπαϊκό Κέντρο Επικοινωνίας πληροφόρησης και Πολιτισμού (ΕΚΕΠΠ) ; επιμέλεια έκδοσης Ελληνικό Λογοτεχνικό και Ιστορικό Αρχείο. |
| 260 | |a Αθήνα : |b Ελληνικό Λογοτεχνικό και Ιστορικό Αρχείο, |c 2002. | ||
| 300 | |a 92 σ. ; |c 24 εκ. | ||
| 504 | |a Βιβλιογραφία: σ.85-92. | ||
| 610 | 2 | 0 | |a European Union. |
| 610 | 2 | 0 | |a European Economic Community |z Greece. |
| 651 | 0 | |a Greece |x Relations |z Europe. | |
| 710 | 2 | |a European Commission. | |
| 710 | 2 | |a Ελληνικό Λογοτεχνικό και Ιστορικό Αρχείο. | |
| 852 | |a INST |b RHODES |e 20070605 |h 327.495 ΕΛΛ |p 005400026443 |q 005400026443 |t BK |y 0 | ||
| 901 | |a BIBL4-2003-3 | ||